000 00843nam a2200181 i 4500
001 157551
003 ES-MaACL
005 20250809035828.0
008 980707s1861 sp f |||| | spa d
100 1 _aLepelletier de la Sarthe, Almire-René-Jacques.
_9128885
245 1 0 _aSistema penitenciario
_b: el presidio, la prisión celular, la deportación /
_cobra escrita en francés por M. Lepelletier de La-Sarthe ; traducida al español y anotada por Matías González de Estéfani.
260 _aToledo :
_b[s.n.],
_c1861 (
_fImp. y Librería de Severiano López Fando)
300 _aXII, 428 p., 4 h., 12 lám., 1 estado pleg. ;
_c26 cm.
650 7 _aDerecho penitenciario
_2embne
_9188563
700 1 _aGonzález de Estéfani, Matías.
_9127438
852 _aES-MaACL
_jD-70
_z- Enc. hol.
_z. - Donativo Lastres
999 _c157551
_d157551